Production, planning and control (Record no. 49846)

MARC details
000 -LEADER
fixed length control field 00467nam a2200121Ia 4500
100 ## - MAIN ENTRY--AUTHOR NAME
Personal name Nair M.K.B.
245 #0 - TITLE STATEMENT
Title Production, planning and control
260 ## - PUBLICATION, DISTRIBUTION, ETC. (IMPRINT)
Name of publisher In: Lecture Notes for the Refresher Course for small scale rubber goods manufacturers. Rubber Research Institute of India, Kottayam, India, pp. 287-290.
Year of publication 1979
650 ## - SUBJECT ADDED ENTRY--TOPICAL TERM
Topical Term Production control
650 ## - SUBJECT ADDED ENTRY--TOPICAL TERM
Topical Term Smallscale rubber manufacturing unit
942 ## - ADDED ENTRY ELEMENTS (KOHA)
Koha item type Bibliography STAF
Holdings
Withdrawn status Lost status Damaged status Not for loan Home library Current library Shelving location Date acquired Koha item type
      Bibliography RRII Library RRII Library Economics 09/04/2014 Bibliography STAF